00517nam a2200181 a 45000010010000000030011000100080041000210350026000620820012000881000025001002450017001252600042001426500014001849420012001989520090002109980020003009990015003200000-8863ELIB.Books110520 1956  a(ELIB.Books)0000-9009 aB bBer aBerry, Ruth Muirhead aTo enjoy God bPhiladelphia: Muhlenberg Press c1956 aBiography 2ddccBK 00102ddc4070aKBTSbKBTSd2011-05-20l0p1939r2022-01-22 00:00:00w2022-01-22yBK cbate2011-05-20 c8863d8863